More Glass Animals Quiz Stats

 Plays Quiz Updated Feb 1, 2016

Also try: Glass Animals
Challenge
Share
Tweet
Score 0/23 Timer 05:00
0 Plays Today
% Correct
Giraffe
99.4%
Snakes
99.3%
Tiger
98.7%
Octopus
98.7%
Fish
98.2%
Zebra
98.2%
Squirrel
97.4%
Penguins
97.3%
Tortoise
96.8%
Starfish
96.8%
(Blue) Whale
96.8%
Crocodiles
95.9%
% Correct
Mouse
95.5%
Deer
95.4%
Owl
94.5%
Rhinoceros
94%
Sheep
93.7%
Moose
87.3%
Polar Bear
85.7%
Stork
85.4%
Goose
82.1%
Jumping Spider
73.3%
Ibex
68.3%

You're not logged in!

Compare scores with friends on all Sporcle quizzes.
Join for Free
OR
Log In

You Might Also Like...

Show Comments

Extras

Top Quizzes Today


Score Distribution

Your Account Isn't Verified!

In order to create a playlist on Sporcle, you need to verify the email address you used during registration. Go to your Sporcle Settings to finish the process.

Report this User

Report this user for behavior that violates our Community Guidelines.

Details: